Music Quiz

Random Music or Singers Quiz

Top 20 Billboard Hits: Paul McCartney Quiz Stats

 Plays Quiz not verified by Sporcle

Challenge
Share
Tweet
Embed
Score 0/20 Timer 06:00
0 Plays Today
Rank Song % Correct
7Band on the Run
85%
2Ebony and Ivory (with Stevie Wonder)
74.6%
11Live and Let Die
73.3%
1Say Say Say (with Michael Jackson)
71.6%
19Jet
71.5%
3Silly Love Songs
69.5%
20Maybe I'm Amazed
60.7%
8Uncle Albert-Admiral Halsey
54.9%
5My Love
54%
4Coming Up (Live At Glasgow)
52.9%
Rank Song % Correct
12Let 'Em In
46.1%
10The Girl is Mine (*with Michael Jackson*)
43.5%
16Another Day
39.7%
6With A Little Luck
39.6%
9Listen to What the Man Said
39.5%
17No More Lonely Nights
38.6%
13Junior's Farm
36.9%
15Goodnight Tonight
26.7%
18Spies Like Us
25.1%
14FourFiveSeconds (with Rihanna & Kanye West)
18.9%

You're not logged in!

Compare scores with friends on all Sporcle quizzes.
Join for Free
OR
Log In

You Might Also Like...

Show Comments

Extras

Top Quizzes Today


Score Distribution

Your Account Isn't Verified!

In order to create a playlist on Sporcle, you need to verify the email address you used during registration. Go to your Sporcle Settings to finish the process.

Report this User

Report this user for behavior that violates our Community Guidelines.

Details: